[Event "Bayernliga U20 1314"]
[Site "Bayern"]
[Date "2014.02.15"]
[Round "7.4"]
[White "Diller, Daniel"]
[Black "Adae, Pascal"]
[Result "1-0"]
[WhiteElo "1980"]
[BlackElo "1319"]
[PlyCount "63"]
[EventDate "2013.11.16"]
[EventType "team-tourn"]
[EventRounds "7"]
[EventCountry "GER"]
[SourceTitle "EXT 2022"]
[Source "ChessBase"]
[SourceDate "2021.10.06"]
[SourceVersion "1"]
[SourceVersionDate "2021.10.06"]
[SourceQuality "1"]
[WhiteTeam "Erlangen SC U20"]
[BlackTeam "Vaterstetten SC U20"]
[WhiteTeamCountry "GER"]
[BlackTeamCountry "GER"]

1. c4 e5 2. g3 Bc5 3. Bg2 c6 4. Nc3 Nf6 5. e4 d6 6. Nge2 Bg4 7. 0-0 0-0 8. Kh1 Qd7 9. f3 Be6 10. d3 d5 11. Na4 Be7 12. b3 dxe4 13. dxe4 Qc7 14. Bb2 Rd8 15. Qc2 Na6 16. Qc3 Nd7 17. a3 Rab8 18. Nf4 Ndc5 19. Nxc5 Nxc5 20. Nxe6 Nxe6 21. Qxe5 Bd6 22. Qc3 f6 23. f4 b5 24. b4 bxc4 25. Qxc4 Qf7 26. e5 Be7 27. exf6 gxf6 28. Bxc6 Rbc8 29. Qe4 Rd6 30. Bd5 Rcd8 31. Rad1 f5 32. Qe5 1-0